000 00749nam a22001937a 4500
005 20251108165446.0
008 250721s1981 xx 000 0 ara d
082 1 4 _aم/378.565/ناد
100 1 _aنجم، نادي محمود عيسى
_eحقق
245 1 0 _aالجامعة الأردنية و أثرها في الحركة الفكرية في الأردن /
264 1 _aبيروت :
_bجامعة القديس يوسف - كلية الآداب و العلوم الإنسانية،
_c1981.
300 _a145ص : فهارس
500 _aرسالة ماجستير بإشراف الدكتور أسامة عانوتي
650 1 7 _aالكليات
650 1 7 _aالجامعات
650 1 7 _aالأردن
942 _2ddc
_cREF
999 _c28423
_d28423